The mirror: advice on the presence of awareness
| Главный автор: | |
|---|---|
| Другие авторы: | |
| Формат: | Print |
| Язык: | Санскрит Английский |
| Слжба доставки Subito: | Заказать сейчас. |
| Проверить наличие: | HBZ Gateway |
| WorldCat: | WorldCat |
| Interlibrary Loan: | Interlibrary Loan for the Fachinformationsdienste (Specialized Information Services in Germany) |
| Опубликовано: |
Barrytown, NY
Station Hill Openings
1996
|
| В: | Год: 1996 |
| Нормированные ключевые слова (последовательности): | B
Nam-mkhavi-nor-bu 1938-2018, Dran pa daṅ śes bźin gyi gdams pa me loṅ ma
|
| Другие ключевые слова: | B
Rdzogs-chen Rñiṅ-ma-pa
B Rdzogs-chen B Комментарий |
MARC
| LEADER | 00000cam a2200000 c 4500 | ||
|---|---|---|---|
| 001 | 279678088 | ||
| 003 | DE-627 | ||
| 005 | 20251222214013.0 | ||
| 007 | tu | ||
| 008 | 980323s1996 xxu||||| 00| ||san c | ||
| 010 | |a 96036348 | ||
| 020 | |a 1886449104 |9 1-886449-10-4 | ||
| 035 | |a (DE-627)279678088 | ||
| 035 | |a (DE-576)064915344 | ||
| 035 | |a (DE-599)GBV279678088 | ||
| 035 | |a (OCoLC)247463003 | ||
| 035 | |a (OCoLC)247463003 | ||
| 040 | |a DE-627 |b ger |c DE-627 |e rakwb | ||
| 041 | |a san |a eng |h tib | ||
| 044 | |c XD-US | ||
| 050 | 0 | |a BQ7662.4 | |
| 082 | 0 | |a 294.3/923 | |
| 100 | 0 | |0 (DE-588)104261374 |0 (DE-627)076993957 |0 (DE-576)21382549X |4 aut |a Nam-mkhavi-nor-bu |d 1938-2018 | |
| 109 | |a Nan-k'a No-pu 1938-2018 |a Norbu, Chogyal Namkhai 1938-2018 |a Nam-mkha'i-nor-bu 1938-2018 |a Kun-dga'-zla-ba 'Tsho-byed Gźon-nu 1938-2018 |a A-dzam 'Brug-sprul Nam-mkha'i-nor-bu Rin-po-che 1938-2018 |a Nankaluobu 1938-2018 |a Namkar Norpo 1938-2018 |a Nam-mkha 'i-nor-bu 1938-2018 |a Rinpoche, Norbu Namkhai 1938-2018 |a Norbu, Chögyal Namkhai 1938-2018 |a Nam-mkhai-nor-bu 1938-2018 |a Chögyal Namkhai Norbu 1938-2018 |a Namkhai Norbu, Chögyal 1938-2018 |a 'Tsho-byed Gźon-nu Kun-dga'-zla-ba 1938-2018 |a Rinpoche, Namkhai Norbu 1938-2018 |a Kun-dga'-zla-ba, Tsho-byed Gzon-nu 1938-2018 |a Norbu, Chøgyal Namkhai 1938-2018 |a Namkhai Norbu 1938-2018 |a Nam-mkha'i-nor-bu A-dzam Brug-sprul 1938-2018 |a Nam-mkhavi-nor-bu 1938-2018 |a Nam-mkha'i-nor-bu Rin-po-che A-dzam 'Brug-sprul 1938-2018 |a Norbu, Namkhai 1938-2018 |a Nanka Nuobu 1938-2018 |a Nankanuobu 1938-2018 | ||
| 191 | |a 1 | ||
| 240 | 1 | 0 | |a Dran pa daṅ śes bźin gyi gdams pa me loṅ ma |
| 245 | 1 | 4 | |a The mirror |b advice on the presence of awareness |c Namkhai Norbu. Translated from Tibetan into Italian and edited by Adriano Clemente. Translated from Italian by Andrew Lukianowicz |
| 246 | 3 | 0 | |a dran pa dang shes bzhin gyi gdams pa me long ma |
| 246 | 3 | 0 | |a Dranpa dang shesbzhin gyi gdamspa melongma |
| 246 | 3 | 0 | |a དྲནཔ དང ཤེསབཞིན གྱི གདམསཔ མེལོངམ |
| 246 | 3 | 0 | |a དྲན པ དང ཤེས བཞིན གྱི གདམས པ མེ ལོང མ |
| 246 | 3 | 0 | |a དྲན་པ དང ཤེས་བཞིན གྱི གདམས་པ མེ་ལོང་མ |
| 264 | 1 | |a Barrytown, NY |b Station Hill Openings |c 1996 | |
| 300 | |a 99 S. |b Ill | ||
| 336 | |a Text |b txt |2 rdacontent | ||
| 337 | |a ohne Hilfsmittel zu benutzen |b n |2 rdamedia | ||
| 338 | |a Band |b nc |2 rdacarrier | ||
| 500 | |a Text engl. und Sanskrit in Devanagri-Schr., Komm. engl | ||
| 500 | |a Text engl. und tibet | ||
| 583 | 1 | |a Archivierung prüfen |c 20200919 |f DE-640 |z 1 |2 pdager | |
| 583 | 1 | |a Archivierung/Langzeitarchivierung gewährleistet |f SSG |x XA-DE-BW |2 pdager |5 DE-21 | |
| 650 | 0 | |a Rdzogs-chen Rñiṅ-ma-pa | |
| 650 | 0 | |a Rdzogs-chen | |
| 655 | 7 | |a Kommentar |0 (DE-588)4136710-8 |0 (DE-627)104500719 |0 (DE-576)209671467 |2 gnd-content | |
| 689 | 0 | 0 | |d u |0 (DE-588)4779631-5 |0 (DE-627)702799785 |0 (DE-576)213825597 |a Nam-mkhavi-nor-bu |2 gnd |d 1938-2018 |t Dran pa daṅ śes bźin gyi gdams pa me loṅ ma |
| 689 | 0 | |5 (DE-627) | |
| 700 | 1 | |a Clemente, Adriano |e Hrsg. |4 edt | |
| 700 | 0 | 2 | |a Nam-mkhavi-nor-bu |d 1938-2018 |t Dran pa daṅ śes bźin gyi gdams pa me loṅ ma |
| 700 | 0 | 2 | |6 880-01 |a Nam-mkhavi-nor-bu |d 1938-2018 |t Dran-pa dang shes-bzhin gyi gdams-pa me-long-ma |
| 880 | 1 | 0 | |6 240-01/Tibt |a དྲན་པ་དང་ཤེས་བཞིན་གྱི་གདམས་པ་མེ་ལོང་མ |
| 880 | 0 | 2 | |6 700-01/Tibt |a Nam-mkhavi-nor-bu |d 1938-2018 |t དྲན་པ་དང་ཤེས་བཞིན་གྱི་གདམས་པ་མེ་ལོང་མ |
| 935 | |a mteo | ||
| 935 | |i Blocktest | ||
| 951 | |a BO | ||
| ELC | |b 1 | ||
| ITA | |a 1 |t 1 | ||
| LOK | |0 000 xxxxxcx a22 zn 4500 | ||
| LOK | |0 001 3239195704 | ||
| LOK | |0 003 DE-627 | ||
| LOK | |0 004 279678088 | ||
| LOK | |0 005 20190314172151 | ||
| LOK | |0 008 980323||||||||||||||||ger||||||| | ||
| LOK | |0 040 |a DE-21 |c DE-627 |d DE-21 | ||
| LOK | |0 689 |a s |a Sprache: Sanskrit | ||
| LOK | |0 852 |a DE-21 | ||
| LOK | |0 852 1 |c 12 E 6503 |9 00 | ||
| LOK | |0 938 |l 14 |8 2 | ||
| LOK | |0 939 |a 23-03-98 |b l01 | ||
| ORI | |a SA-MARC-ixtheoa001.raw | ||
| REL | |a 1 | ||
| SUB | |a REL | ||
| SYG | 0 | 0 | |a Nam-mkhavi-nor-bu,1938-2018,Me loṇ,Nam-mkhavi-nor-bu,1938-2018,The mirror |
| TIM | |a 100019770101_100019781231 |b 1977 - 1978 | ||